| 000 | 01549cam a2200361 a 4500 | ||
|---|---|---|---|
| 001 | 15115782 | ||
| 003 | OSt | ||
| 005 | 20150408114152.0 | ||
| 008 | 071217s2008 inua 001 0 eng | ||
| 010 | _a 2007051637 | ||
| 015 |
_aGBA7A1657 _2bnb |
||
| 016 | 7 |
_a014469477 _2Uk |
|
| 020 | _a9780470187425 (pbk.) | ||
| 020 | _a0470187425 (pbk.) | ||
| 035 | _a(OCoLC)ocn183916094 | ||
| 040 |
_aDLC _cDLC _dUKM _dBAKER _dC#P _dYDXCP _dBTCTA _dXVF _dVP@ _dSMP _dCQU _dDLC |
||
| 050 | 0 | 0 |
_aQA76.73.B3 _bP492285 2008 |
| 082 | 0 | 0 |
_a005.2/762 _222 _bPEM |
| 100 | 1 |
_aPetroutsos, Evangelos. _939855 |
|
| 245 | 1 | 0 |
_aMastering Microsoft Visual basic 2008 / _cEvangelos Petroutsos, Mark Ridgeway. |
| 260 |
_aIndianapolis, Ind. : _bWiley/Sybex Pub., _cc2008. |
||
| 300 |
_axxxiii, 1118 p. : _bill. ; _c24 cm. |
||
| 500 | _aIncludes index. | ||
| 630 | 0 | 0 | _aVisual Basic. |
| 650 | 0 |
_aBASIC (Computer program language) _94046 |
|
| 700 | 1 |
_aRidgeway, Mark. _939856 |
|
| 856 | 4 | 2 |
_3Publisher description _uhttp://www.loc.gov/catdir/enhancements/fy0806/2007051637-d.html |
| 856 | 4 | 1 |
_3Table of contents only _uhttp://www.loc.gov/catdir/enhancements/fy0808/2007051637-t.html |
| 856 | 4 | 2 |
_3Contributor biographical information _uhttp://www.loc.gov/catdir/enhancements/fy0808/2007051637-b.html |
| 906 |
_a7 _bcbc _corignew _d1 _eecip _f20 _gy-gencatlg |
||
| 942 |
_2ddc _cBOOK |
||
| 999 |
_c32093 _d266593 |
||